[Event "Crete-chT"]
[Site "Crete"]
[Date "2018.04.27"]
[Round "4.15"]
[White "Dagkonaki, Antonia"]
[Black "Pavlidou, Ekaterini"]
[Result "0-1"]
[WhiteElo "1351"]
[BlackElo "2164"]
[PlyCount "94"]
[EventDate "2018.04.09"]
[EventType "team-tourn"]
[EventRounds "7"]
[EventCountry "GRE"]
[SourceTitle "EXT 2019"]
[Source "ChessBase"]
[SourceDate "2018.10.10"]
[SourceVersion "1"]
[SourceVersionDate "2018.10.10"]
[SourceQuality "1"]

1. e4 c5 2. Nf3 Nc6 3. d4 cxd4 4. Nxd4 e6 5. Nc3 Qc7 6. g3 a6 7. Bg2 Nge7 8. Nf3 Ng6 9. 0-0 Bc5 10. Ne2 0-0 11. c3 b5 12. a3 Bb7 13. Qc2 Rac8 14. Nf4 Nxf4 15. Bxf4 e5 16. Bd2 Ne7 17. Rfe1 f5 18. Be3 Bxe4 19. Qe2 Bxe3 20. Qxe3 Bxf3 21. Bxf3 e4 22. Bd1 d5 23. Bb3 Kh8 24. Rad1 Rcd8 25. f3 f4 26. gxf4 Rxf4 27. fxe4 Rxe4 28. Qg5 h6 29. Qh5 Rf8 30. Bxd5 Rxe1+ 31. Rxe1 Qc5+ 32. Kh1 Qxd5+ 33. Qxd5 Nxd5 34. Re6 Rf6 35. Re2 Nf4 36. Rc2 g5 37. b3 Rc6 38. Kg1 Kg7 39. Kf2 Kf6 40. Kg3 Nd5 41. c4 bxc4 42. Rxc4 Rxc4 43. bxc4 Ne3 44. c5 Ke5 45. Kf3 Nf5 46. Kg4 Ng7 47. c6 Kd6 0-1

[Event "Heraklion op 21st"]
[Site "Heraklion"]
[Date "2017.09.10"]
[Round "9"]
[White "Dagkonaki, Antonia"]
[Black "Dagkonaki, Aspasia"]
[Result "0-1"]
[WhiteElo "1355"]
[BlackElo "1294"]
[PlyCount "86"]
[EventDate "2017.09.03"]
[EventType "swiss"]
[EventRounds "9"]
[EventCountry "GRE"]
[SourceTitle "CBM 180 Extra"]
[Source "ChessBase"]
[SourceDate "2017.10.06"]
[SourceVersion "1"]
[SourceVersionDate "2017.10.06"]
[SourceQuality "1"]

1. e4 e5 2. Nf3 Nc6 3. Nc3 Nf6 4. d4 exd4 5. Nxd4 Bc5 6. Nxc6 bxc6 7. Bd3 0-0 8. 0-0 d5 9. Bg5 Bd4 10. exd5 Bxc3 11. bxc3 cxd5 12. Qf3 Be6 13. Bxf6 Qxf6 14. Qxf6 gxf6 15. Rfe1 Kh8 16. f4 Rfe8 17. f5 Bd7 18. Rxe8+ Rxe8 19. Rb1 Bc6 20. Bb5 Rb8 21. a4 a6 22. Bxc6 Rxb1+ 23. Kf2 Rb2 24. Bxd5 Rxc2+ 25. Kf1 Rxc3 26. Bxf7 c6 27. Be6 Ra3 28. Bd7 Rxa4 29. Bxc6 Rf4+ 30. Ke2 Rxf5 31. Bb7 a5 32. Kd3 Rc5 33. Kd4 Rc7 34. Be4 a4 35. Bb1 a3 36. h3 Rc1 37. Ba2 Rc2 38. Bd5 Rd2+ 39. Kc4 Rxd5 40. Kxd5 a2 41. Ke6 a1Q 42. g4 Qe5+ 43. Kd7 Kg7 0-1